000 01213aam a2200397 i 4500
999 _c175703
_d175703
001 vtls000823255
003 PNM
005 20191229100446.0
008 170411t20172017my e a001 0 may
015 _aM171-01018
020 _a9789831009031
_qpaperback
_cRM60.00
039 9 _a201711211354
_baznah
_c201711211303
_daznah
_c201707120933
_dzaleha
_c201705231532
_drosliza
040 _aBNM
_beng
_cBNM
_dPNM
_dPPAK
_erda
049 _aklpmal
082 0 4 _a150.72
_223
090 0 0 _a150.72
_bMOH
_dG
100 0 _aMohd Awang Idris,
_eauthor.
245 1 0 _aManusia dan Psikologi /
_cMohd Awang Idris
264 1 _aKuala Lumpur :
_bPenerbit Universiti Malaya,
_c2017
264 4 _c©2017
300 _axi, 329 pages ;
_c23 cm
336 _atext
_2rdacontent
337 _aunmediated
_2rdamedia
338 _avolume
_2rdacarrier
500 _aIncludes index
650 1 0 _aPsychology
650 2 0 _aPersonnel management
650 2 0 _aSocial sciences and psychology
650 2 0 _aGovernment publications
_zMalaysia
942 _2ddc
_cB
949 _61001362101
949 _61001362102
949 _62000481042
_a150.72 MAI M
949 _62000481041
_a150.72 MAI M
949 _62000480790
_a150.72 MAI M